| 000 | 01114njm a2200313Ia 4500 | ||
|---|---|---|---|
| 001 | 73247 | ||
| 003 | IT-RoPAU | ||
| 005 | 20220918181147.0 | ||
| 008 | 131025s9999 xx 000 0 und d | ||
| 040 | _aIT-RoPAU | ||
| 040 | _cIT-RoPAU | ||
| 041 | _aSPAGNOLO | ||
| 999 |
_c101761 _d101761 |
||
| 999 | _bn.d. | ||
| 100 |
_aLopez Vigil José Ignacio _924789 |
||
| 100 |
_eAutore testo _924790 |
||
| 100 |
_gCodice autore testo SPICS: 24462 _924791 |
||
| 245 | _a500 anos, vol. 01 | ||
| 250 | _a1a ed. | ||
| 260 | _aROMA | ||
| 260 |
_bSPICS RECORDS _c1988 [1a Ed.:1988 - Ed. Lingua Orig.: 1988] |
||
| 300 | _aMUSICASSETTA | ||
| 300 | _c60 minuti (Testo: 0 pag.) | ||
| 500 | _aParlato | ||
| 505 | _aEl descubrimiento de America que tambem podria llamarse "Los primeros ladrones" - La fabulosa Plata de Potosi y a donde fue a parar esa Plata? | ||
| 650 |
_aPARLATO [CASSETTE] _eCodice MATERIA SPICS: 9951 _924792 |
||
| 700 |
_aLopez Vigil José Ignacio _gCodice interprete SPICS: 24462 _eInterprete _924793 |
||
| 700 |
_aLopez Vigil Maria _eAutore testo e musica _gCodice autore testo/musica SPICS: 25525 _924794 |
||
| 942 |
_cMC _2ddc |
||